000 00333nam a22001337a 4500
008 170425b xxu||||| |||| 00| 0 eng d
020 _a0935702547
041 _aeng
080 _a54
100 _a12
101 _aSHM
245 _aA PRIMER ON HOW TO ANALYZE DERIVED AMINO ACID SEQUENCES
_cDOOLITLE.R.F
942 _2udc
_cBK
999 _c11839
_d11839